Prime time Emeril : more TV dinners from America's favorite chef (Record no. 42984)

MARC details
000 -LEADER
fixed length control field 00601nam a2200217Ia 4500
008 - FIXED-LENGTH DATA ELEMENTS--GENERAL INFORMATION
fixed length control field 191130s2001##################000#0#eng##
020 ## - INTERNATIONAL STANDARD BOOK NUMBER
International Standard Book Number 9780060185367
022 ## - INTERNATIONAL STANDARD SERIAL NUMBER
International Standard Serial Number 2001030851
040 ## - CATALOGING SOURCE
Original cataloging agency ACL
Transcribing agency ACL
082 ## - DEWEY DECIMAL CLASSIFICATION NUMBER
Classification number 641.5 LAG
100 ## - MAIN ENTRY--PERSONAL NAME
Personal name Lagasse, Emeril
245 ## - TITLE STATEMENT
Title Prime time Emeril : more TV dinners from America's favorite chef
Statement of responsibility, etc. Emeril Lagasse
250 ## - EDITION STATEMENT
Edition statement 1st ed
260 ## - PUBLICATION, DISTRIBUTION, ETC.
Place of publication, distribution, etc. New York
Name of publisher, distributor, etc. Morrow
Date of publication, distribution, etc. 2001
300 ## - PHYSICAL DESCRIPTION
Extent xiii, 290 p. : ill. ; 24 cm
500 ## - GENERAL NOTE
General note Includes index
650 ## - SUBJECT ADDED ENTRY--TOPICAL TERM
Topical term or geographic name entry element Cooking
990 ## - EQUIVALENCES OR CROSS-REFERENCES [LOCAL, CANADA]
Link information for 9XX fields 628d6c5eac10000c1b49b223c6ae21ac
991 ## -
-- 305471
Holdings
Withdrawn status Lost status Materials specified (bound volume or other part) Damaged status Not for loan Home library Current library Shelving location Date acquired Total Checkouts Full call number Barcode Date last seen Price effective from Koha item type
    hbk     Anna Centenary Library Anna Centenary Library 6TH FLOOR, A WING 09.10.2020   641.5 LAG 468336 09.02.2026 09.10.2020 English Books

Find us on the map